000 00308pam a2200121a 44500
008 230405s2017 xxu||||| |||| 00| 0 eng d
041 _aENG
100 _aTakwale & Puranik
245 _aIntroduction to Classical Mechanics
260 _aNew Delhi
_bMcGraw Hill Edu.
_c2017
300 _a424
906 _a19116
999 _c309614
_d309614